00299nam a2200121Ia 4500008005000000041000800050082001100058100001400069245003300083260003500116300001900151440000700170240112s1973/JAN-JUNE xx 000 0 und d aeng a616.05 aHUTH J.E. aANNUALS OF INTERNAL MEDICINE bLANCASTER PRESSc1973/JAN-JUNE a1018,HBc(1-6) v78